| 000 | 00564nam a2200229Ia 4500 | ||
|---|---|---|---|
| 008 | 160819s9999 xx 000 0 und d | ||
| 020 | _a978-1-4494-5614-6 | ||
| 050 | _aFIC L48lo | ||
| 050 | _b2013 | ||
| 100 | _aLeav, Lang. | ||
| 245 | _aLove & misadventure / | ||
| 245 | _cLang Leav. | ||
| 260 | _aKansas : | ||
| 260 | _bAndrews McMeel Publishing, | ||
| 260 | _c2013 | ||
| 300 | _a155 pages : | ||
| 300 | _c21 cm. | ||
| 500 | _aIncludes index | ||
| 650 | _aEnglish poetry -- 21st century. | ||
| 650 | _aLove poetry. | ||
| 650 | _xEnglish poetry. | ||
| 999 |
_c300628 _d300628 |
||